Examen crítico de las nuevas escuelas de Derecho Penal (Record no. 151561)

MARC details
000 -LEADER
campo de control de longitud fija 01036nam a2200193 i 4500
001 - NÚMERO DE CONTROL
campo de control 151561
003 - IDENTIFICADOR DE NÚMERO DE CONTROL
campo de control ES-MaACL
005 - FECHA Y HORA DE LA ÚLTIMA TRANSACCIÓN
campo de control 20250809034608.0
008 - DATOS DE LONGITUD FIJA--INFORMACIÓN GENERAL
campo de control de longitud fija 931025s1898 sp |||| | spa d
100 1# - ENTRADA PRINCIPAL--NOMBRE DE PERSONA
Nombre de persona Arredondo y Fernández-Sanjurjo, Máximo de.
9 (RLIN) 23242
245 10 - MENCIÓN DEL TÍTULO
Título Examen crítico de las nuevas escuelas de Derecho Penal
Resto del título : memoria premiada con accésit por la Real Academia de Ciencias Morales y Políticas en el concurso ordinario de 1895 (tema segundo) /
Mención de responsabilidad, etc. escrita por Máximo de Arredondo y Fernández Sanjurjo y José Bravo y Goyena.
260 ## - PUBLICACIÓN, DISTRIBUCIÓN, ETC.
Lugar de publicación, distribución, etc. Madrid :
Nombre del editor, distribuidor, etc. Real Academia de Ciencias Morales y Políticas,
Fecha de publicación, distribución, etc. 1898 (
Fabricante Imp. del Asilo de Huérfanos del Sagrado Corazón de Jesús)
300 ## - DESCRIPCIÓN FÍSICA
Extensión 306 p. ;
Dimensiones 27 cm.
650 07 - PUNTO DE ACCESO ADICIONAL DE MATERIA--TÉRMINO DE MATERIA
Término de materia o nombre geográfico como elemento de entrada Derecho penal
Fuente del encabezamiento o término embne
9 (RLIN) 11749
700 21 - ENTRADA AGREGADA--NOMBRE PERSONAL
Nombre de persona Bravo y Goyena, José.
9 (RLIN) 126152
710 2# - ENTRADA AGREGADA--NOMBRE DE ENTIDAD CORPORATIVA
Nombre de entidad corporativa o nombre de jurisdicción como elemento de entrada Real Academia de Ciencias Morales y Políticas (España)
9 (RLIN) 222050
852 ## - LOCALIZACIÓN
Ubicación ES-MaACL
Número de control de estantería F-M-III-O (XII)
Nota libre -- Enc. hol. conservando la cub. original
-- -- Enc. en un vol. facticio
Holdings
Estatus retirado Estado de pérdida Estado de daño No para préstamo Colección Biblioteca de origen Biblioteca actual Ubicación en estantería Fecha de adquisición Fuente de adquisición Total de préstamos Signatura topográfica completa Código de barras Visto por última vez Precio de reemplazo Tipo de ítem Koha
        Libros del s. XIX Biblioteca del Ateneo de Madrid Biblioteca del Ateneo de Madrid Administración 17/01/2008     F-M-III-O (XII) 1158147 23/02/2023 23/02/2023 Libro impreso antiguo